kku e-library facility

The political Economy of Nigeria-United States relations (Record no. 89)

MARC details
000 -LEADER
fixed length control field 00440nam a22001337a 4500
005 - DATE AND TIME OF LATEST TRANSACTION
control field 20251008095743.0
008 - FIXED-LENGTH DATA ELEMENTS--GENERAL INFORMATION
fixed length control field 251008b |||||||| |||| 00| 0 eng d
020 ## - INTERNATIONAL STANDARD BOOK NUMBER
International Standard Book Number 9789785593617
100 ## - MAIN ENTRY--PERSONAL NAME
Personal name Thomas Dapo
245 ## - TITLE STATEMENT
Title The political Economy of Nigeria-United States relations
Remainder of title /the Political Economy of Nigeria- United States relations
Statement of responsibility, etc. /Dapo Thomas
260 ## - PUBLICATION, DISTRIBUTION, ETC.
Place of publication, distribution, etc. Ibadan
Name of publisher, distributor, etc. John Archers ltd
Date of publication, distribution, etc. 2018
300 ## - PHYSICAL DESCRIPTION
Extent 258p
Dimensions 22cm
942 ## - ADDED ENTRY ELEMENTS (KOHA)
Source of classification or shelving scheme Dewey Decimal Classification
Koha item type Books
Suppress in OPAC No
Holdings
Withdrawn status Lost status Source of classification or shelving scheme Damaged status Not for loan Home library Current library Date acquired Total checkouts Date last seen Price effective from Koha item type
    Dewey Decimal Classification     Karl Kumm University Librrary Services Karl Kumm University Librrary Services 10/08/2025   10/08/2025 10/08/2025 Books
©2025 All rights reserved. KKU